100 câu hỏi về phong thủy nhà cửa
Gồm các câu hỏi, đáp về kiến thức phong thuỷ nhà ở: Về cách chọn, bài trí sân vườn, cửa, phòng ngủ, phòng khách, nhà bếp, phòng ăn...
Na minha lista:
| Formato: | Livro |
|---|---|
| Idioma: | Undetermined |
| Publicado em: |
Hà Nội
Lao động - Xã hội
2006
|
| Assuntos: | |
| Tags: |
Adicionar Tag
Sem tags, seja o primeiro a adicionar uma tag!
|
| Thư viện lưu trữ: | Trung tâm Học liệu Trường Đại học Cần Thơ |
|---|
| LEADER | 00834nam a2200205Ia 4500 | ||
|---|---|---|---|
| 001 | CTU_101448 | ||
| 008 | 210402s9999 xx 000 0 und d | ||
| 020 | |c 37500 | ||
| 082 | |a 690.01 | ||
| 082 | |b M458 | ||
| 245 | 0 | |a 100 câu hỏi về phong thủy nhà cửa | |
| 245 | 0 | |c Nhan Thủy Tiên biên soạn | |
| 260 | |a Hà Nội | ||
| 260 | |b Lao động - Xã hội | ||
| 260 | |c 2006 | ||
| 520 | |a Gồm các câu hỏi, đáp về kiến thức phong thuỷ nhà ở: Về cách chọn, bài trí sân vườn, cửa, phòng ngủ, phòng khách, nhà bếp, phòng ăn... | ||
| 650 | |a Fengshui,Buildings | ||
| 650 | |x Design and construction | ||
| 904 | |i Minh (sửa số pl 690.01/T305 thành 690.01/M458) | ||
| 980 | |a Trung tâm Học liệu Trường Đại học Cần Thơ | ||